Missing Word: Hardy Boys Books Quiz Stats

 Plays Quiz not verified by Sporcle

Challenge
Share
Tweet
Embed
Score 0/58 Timer 12:00
0 Plays Today
title missing word % Correct
While the __________ tickedclock
95.1%
The _________ Treasuretower
87.8%
The Secret of the Old __________mill
82.9%
The House on the __________cliff
80.5%
Hunting for hidden __________gold
80.5%
What happened at ___________midnight
80.5%
The ______ on the doormark
73.2%
The wailing __________ mysterysiren
73.2%
The clue of the screeching _______owl
73.2%
__________ under the windowfootprints
70.7%
The __________ road mysteryshore
68.3%
The Hooded _____ mysteryhawk
67.1%
The missing __________chums
65.9%
The sinister _________signpost
64.6%
The sign of the crooked __________arrow
64.6%
The mystery of the chinese ________junk
64.6%
The secret _______ on flight 101agent
64.6%
The ________-wave mysteryshort
62.2%
The yellow _________ mysteryfeather
61%
The clue of the hissing _________serpent
61%
The twisted ________ claw
58.5%
The Flickering ________ mysterytorch
58.5%
The melted _______coins
58.5%
The sting of the __________scorpion
58.5%
A __________ in hidingfigure
57.3%
The crisscross __________shadow
57.3%
The disappearing _________floor
56.1%
The ________ at skeleton rockghost
56.1%
The great _______ mysteryairport
54.9%
title missing word % Correct
The secret of skull _______mountain
54.9%
Danger on _______ trailvampire
52.4%
The masked ______monkey
52.4%
The hidden __________ mysteryharbor
51.2%
The clue of the broken ________blade
51.2%
The clue in the ________embers
51.2%
The mystery of the __________ warrioraztec
51.2%
The shattered _______helmet
51.2%
The mystery of ________ islandcabin
50%
The mystery of the whale _________tatoo
50%
The mystery at devils ______paw
47.6%
The bombay ___________boomerang
46.3%
The secret of _______ swampwildcat
45.1%
The mystery of the desert ________giant
45.1%
The arctic _______ mysterypatrol
45.1%
The secret of the ________caves
43.9%
The secret of _______ hillpirates
43.9%
The __________ symbol mysteryviking
43.9%
The ______________ keywitchmasters
43.9%
The haunted ________fort
42.7%
The firebird ______rocket
42.7%
The phantom ______freighter
41.5%
The jungle _____pyramid
41.5%
The mystery of the flying ________express
39%
The secret __________panel
34.1%
The mystery of the ________ bridgespiral
32.9%
The secret of the lost _________tunnel
30.5%
The secret __________warning
24.4%
The mysterious ________caravan
24.4%

You're not logged in!

Compare scores with friends on all Sporcle quizzes.
Join for Free
OR
Log In

You Might Also Like...

Show Comments

Extras

Created Feb 12, 2011ReportNominate
Tags:Book Quiz, boy, hardy, Hardy Boys

Top Quizzes Today


Score Distribution

Your Account Isn't Verified!

In order to create a playlist on Sporcle, you need to verify the email address you used during registration. Go to your Sporcle Settings to finish the process.

Report this User

Report this user for behavior that violates our Community Guidelines.

Details: